Statistics for Fallout Locations

Click here to take the quiz!

General Stats

  • This quiz has been taken 203 times
  • The average score is 4 of 5

Answer Stats

GameCity% Correct
Fallout 3Washington D.C.
94%
Fallout: New VegasLas Vegas
93%
Fallout 4Boston
91%
FalloutLos Angeles
59%
Fallout 2San Francisco
40%

Score Distribution

Percentile by Number Answered

Percent of People with Each Score

Your Score History

You have not taken this quiz